Principles & practices for harvesting & handling fruits & nuts /
Guardado en:
| Otros Autores: | , , |
|---|---|
| Formato: | Libro |
| Idioma: | English |
| Publicado: |
Westport, Conn. :
AVI Pub. Co.,
c1983.
|
| Materias: | |
| Etiquetas: |
Agregar Etiqueta
Sin Etiquetas, Sea el primero en etiquetar este registro!
|
| LEADER | 01112pam a22002895a 4500 | ||
|---|---|---|---|
| 001 | EIQ.libpla001505 | ||
| 008 | 830502s1983####ctuao####b####001#0#eng#d | ||
| 005 | 20061026192415.0 | ||
| 245 | 0 | 0 | |a Principles & practices for harvesting & handling fruits & nuts / |c edited by Michael O'Brien, Burton F. Cargill, Robert B. Fridley. |
| 260 | |a Westport, Conn. : |b AVI Pub. Co., |c c1983. | ||
| 300 | |a xiv, 636 p. : |b il., fotos ; |c 24 cm. | ||
| 504 | |a Incluye referencias bibliográficas e índice. | ||
| 020 | |a 0870554131 | ||
| 700 | 1 | |a O'Brien, Michael, |d 1918-, |e ed. |4 edt | |
| 700 | 1 | |a Cargill, Burton F., |e ed. |4 edt | |
| 700 | 1 | |a Fridley, Robert B., |e ed. |4 edt | |
| 740 | 0 | |a Principles and practices for harvesting and handling fruits and nuts. | |
| 740 | 0 | |a Harvesting & handling fruits & nuts. | |
| 740 | 0 | |a Harvesting and handling fruits and nuts. | |
| 082 | 0 | 0 | |a 634/.045 |2 19 |
| 650 | 4 | |a Fruta |x Cosecha. | |
| 650 | 4 | |a Nueces |x Cosecha. | |
| 650 | 0 | |a Nuts |x Harvesting. | |
| 650 | 0 | |a Fruit |x Harvesting. | |
| 010 | |a 83009952 | ||
| 040 | |a DLC |c DLC |d AR-BbSID | ||
| 859 | |a AR-BbSID |b BIB. PLAPIQUI |h 634.045 |i P 936 |p 2808 | ||
